| 000 | 00355nam a22001337a 4500 | ||
|---|---|---|---|
| 020 | _qPB. | ||
| 040 | _cFIZZA ISHAQ | ||
| 082 |
_a557.3 _bPET |
||
| 100 |
_aPETER,ALIREZA. _990799 |
||
| 245 |
_aAPPLICATION OF SOFT COMPUTING AND INTELLIGENT METHODS IN GEOPHYSICS / _cALIREZA PETER. |
||
| 260 |
_aSPRINGER ; _c2018. |
||
| 300 | _a533 P. ; | ||
| 942 |
_2ddc _cBK |
||
| 999 |
_c589025 _d589025 |
||